El enfoque de las reglas fiscales ante la discrecionalidad de la política pública= The fiscal rules approach at the discretion of the discretion of the public policy /
Furkejuvvon:
| Váldodahkki: | |
|---|---|
| Materiálatiipa: | Texto |
| Fáddágilkorat: |
Lasit fáddágilkoriid
Eai fáddágilkorat, Lasit vuosttaš fáddágilkora!
|
MARC
| LEADER | 00000 a a2200000 04500 | ||
|---|---|---|---|
| 001 | 48825 | ||
| 003 | |||
| 040 | |||
| 100 | |a Galán Figueroa, Javier | ||
| 245 | |a El enfoque de las reglas fiscales ante la discrecionalidad de la política pública= |b The fiscal rules approach at the discretion of the discretion of the public policy / |c Javier Galán Figueroa | ||
| 773 | |g número388, (2014), páginas 50-67 : tablas | ||
| 999 | |c 19762 |d 19762 | ||
